| 000 | 00611nam a2200217Ia 4500 | ||
|---|---|---|---|
| 001 | dg69-32148 | ||
| 003 | IT-MiCISF | ||
| 008 | 161014s9999||||xx |||||||||||||| ||und|| | ||
| 040 |
_aIT-MiCISF _cIT-MiCISF |
||
| 041 | _aen | ||
| 100 | _aAA.VV. | ||
| 240 | _aLooking Back Thinking Forward | ||
| 245 | 0 | _aLooking Back Thinking Forward | |
| 250 | _a1a ed. | ||
| 260 |
_a Bangkok _bEcpat _c2000 |
||
| 300 | _app. 178 | ||
| 500 | _aECPAT / prostituzione, infanzia, società , prevenzione, pornografia, indirizzi / documento | ||
| 650 | _amaltrattamenti-violenza | ||
| 942 | _cBK | ||
| 957 | _71 | ||
| 999 |
_a32148 _bsi _g1 _c209142 _d209142 |
||